LIBRARY & INFORMATION CENTRE, KCAET, TAVANUR

ONLINE PUBLIC ACCESS CATALOGUE (OPAC)

Pure geometry / (Record no. 1485)

MARC details
000 -LEADER
fixed length control field 00570cam a2200229ua 4500
041 ## - LANGUAGE CODE
Language code of text/sound track or separate title eng
082 ## - DEWEY DECIMAL CLASSIFICATION NUMBER
Classification number 516.02
Item number PIL/PU
100 ## - MAIN ENTRY--AUTHOR NAME
Personal name Pillai, Manicavachagam T.K .
245 ## - TITLE STATEMENT
Title Pure geometry /
250 ## - EDITION STATEMENT
Edition statement 2 /
260 ## - PUBLICATION, DISTRIBUTION, ETC. (IMPRINT)
Place of publication Chennai :
Name of publisher The National Publishing Co ,
Year of publication 1963.
300 ## - PHYSICAL DESCRIPTION
Number of Pages ; .
942 ## - ADDED ENTRY ELEMENTS (KOHA)
Koha item type Books
Holdings
Withdrawn status Lost status Damaged status Home library Current library Date acquired Cost, normal purchase price Full call number Accession Number Koha item type
Withdrawn     KAUAET KAUAET 07/04/2012 3.00 516.02 7753 Books
Withdrawn     KAUAET KAUAET 07/04/2012 3.00 516.02 7754 Books
Withdrawn     KAUAET KAUAET 07/04/2012 3.00 516.02 7755 Books
Withdrawn     KAUAET KAUAET 07/04/2012 3.00 516.02 7756 Books
Withdrawn     KAUAET KAUAET 07/04/2012 3.00 516.02 7757 Books
free website counter